History of education : major themes Volume III : Studies in learning and teaching /

The history of the curriculum. Progressivism. The teaching profession. The study of childhood. Literacy. Inculcating attitudes.

Zapisane w:
Opis bibliograficzny
Format: Książka
Język:English
Wydane: London ; New York : Routledge, 2000.
Hasła przedmiotowe:
Etykiety: Dodaj etykietę
Nie ma etykietki, Dołącz pierwszą etykiete!
Thư viện lưu trữ: Mạng thư viện Đại học Đà Nẵng
LEADER 00941cam a2200313 i 4500
001 000049532
003 9282
005 20041029084113.0
008 010319b2000 vm 000 eng
020 |a 0415140498 
040 |a IRC  |c IRC  |d IRC 
041 0 |a eng 
082 1 4 |a 370.9  |b Hi-E 
245 0 0 |a History of education :  |b major themes  |n Volume III :  |p Studies in learning and teaching /  |c edited by Roy Lowe. 
260 |a London ; New York :  |b Routledge,  |c 2000. 
300 |a x, 546 p. ;  |c 24 cm. 
520 3 |a The history of the curriculum. Progressivism. The teaching profession. The study of childhood. Literacy. Inculcating attitudes. 
630 0 4 |a Education. 
650 0 4 |a Education  |x History. 
OWN |a DUT 
999 |a From the UDN01 
TYP |a Monograph 
TYP |a Printed language 
980 |a Mạng thư viện Đại học Đà Nẵng